书目信息 |
| 题名: |
工程承包与劳务合作案例剖析
|
|
| 作者: | 雷胜强 主编 | |
| 分册: | ||
| 出版信息: | 北京 中国建筑工业出版社 2000.07 |
|
| 页数: | 584页 | |
| 开本: | 32开 | |
| 丛书名: | ||
| 单 册: | ||
| 中图分类: | TU723.1 | |
| 科图分类: | ||
| 主题词: | 建筑工程--施工组织 , 建筑工程--施工计划 | |
| 电子资源: | ||
| ISBN: | 7-112-04247-X | |
| 000 | 00610nam0 2200193 45 | |
| 001 | 0011201411 | |
| 005 | 20001228170519.9 | |
| 010 | @a7-112-04247-X@d28.00元 | |
| 100 | @a20001120d2000 km y0chiy0120 ea | |
| 101 | 0 | @achi |
| 200 | 1 | @a工程承包与劳务合作案例剖析@AGong Cheng Cheng Bao Yu Lao Wu He Zuo An Li Pou Xi@f雷胜强主编@FLei Sheng Qiang Zhu Bian |
| 210 | @a北京@c中国建筑工业出版社@d2000.07 | |
| 215 | @a584页@d32开 | |
| 606 | 0 | @a建筑工程@x施工组织 |
| 606 | 0 | @a建筑工程@x施工计划 |
| 690 | @aTU723.1@v3 | |
| 701 | 0 | @a雷胜强@4主编 |
| 801 | @aCN@bPftUser@c20001120 | |
| 905 | @dTU723.1@eL691@b317562-566@f5 | |
| 工程承包与劳务合作案例剖析/雷胜强主编.-北京:中国建筑工业出版社,2000.07 |
| 584页;32开 |
| ISBN 7-112-04247-X:28.00元 |
| ● |
| 相关链接 |
|
|
|
正题名:工程承包与劳务合作案例剖析
索取号:TU723.1/L691
 
预约/预借
| 序号 | 登录号 | 条形码 | 馆藏地/架位号 | 状态 | 备注 |
| 1 | 305199 | 203051990 | 自科二线404/404自科库 8排6列6层/ [索取号:TU723.1/L691] | 在馆 | |
| 2 | 313852 | 203138522 | 自科二线404/404自科库 8排6列6层/ [索取号:TU723.1/L691] | 在馆 | |
| 3 | 313853 | 203138531 | 自科二线404/404自科库 8排3列3层/ [索取号:TU723.1/L691] | 在馆 | |
| 4 | 313854 | 203138540 | 自科二线404/404自科库 8排6列6层/ [索取号:TU723.1/L691] | 在馆 | |
| 5 | 313855 | 203138559 | 建筑库201/201建筑库 32排3列4层/ [索取号:TU723.1/L691] | 在馆 | |
| 6 | 313856 | 203138568 | 自科二线404/404自科库 8排6列6层/ [索取号:TU723.1/L691] | 在馆 | |
| 7 | 317562 | 203175624 | 自科二线404/404自科库 8排6列6层/ [索取号:TU723.1/L691] | 在馆 | |
| 8 | 317563 | 203175633 | 建筑库201/201建筑库 32排3列4层/ [索取号:TU723.1/L691] | 在馆 | |
| 9 | 317564 | 203175642 | 自科二线404/404自科库 26排1列1层/ [索取号:TU723.1/L691] | 在馆 | |
| 10 | 317565 | 203175651 | 自科二线404/404自科库 25排5列4层/ [索取号:TU723.1/L691] | 在馆 | |
| 11 | 317566 | 203175660 | 自科二线404/404自科库 25排5列4层/ [索取号:TU723.1/L691] | 在馆 | |
| 12 | 417331 | 204173312 | 自科二线404/404自科库 25排5列4层/ [索取号:TU723.1/L691] | 在馆 | |
| 13 | 417332 | 204173321 | 自科二线404/404自科库 8排4列2层/ [索取号:TU723.1/L691] | 在馆 | |
| 14 | 417333 | 204173330 | 自科二线404/404自科库 8排6列6层/ [索取号:TU723.1/L691] | 在馆 | |
| 15 | 417334 | 204173349 | 自科二线404/404自科库 8排6列6层/ [索取号:TU723.1/L691] | 在馆 | |
| 16 | 417335 | 204173358 | 自科二线404/404自科库 8排6列6层/ [索取号:TU723.1/L691] | 在馆 | |
| 17 | 417336 | 204173367 | 自科二线404/404自科库 8排6列6层/ [索取号:TU723.1/L691] | 在馆 | |
| 18 | 417337 | 204173376 | 自科二线404/404自科库 8排6列6层/ [索取号:TU723.1/L691] | 在馆 | |
| 19 | 417338 | 204173385 | 建筑库201/201建筑库 32排3列4层/ [索取号:TU723.1/L691] | 在馆 | |
| 20 | 417339 | 204173394 | 自科二线404/404自科库 8排6列6层/ [索取号:TU723.1/L691] | 在馆 | |
| 21 | 505785 | 205057855 | 自科二线404/404自科库 8排6列6层/ [索取号:TU723.1/L691] | 在馆 | |
| 22 | 505786 | 205057864 | 自科二线404/404自科库 8排3列3层/ [索取号:TU723.1/L691] | 在馆 | |
| 23 | 505787 | 205057873 | 建筑库201/201建筑库 32排3列4层/ [索取号:TU723.1/L691] | 在馆 | |
| 24 | 505788 | 205057882 | 自科二线404/404自科库 24排2列3层/ [索取号:TU723.1/L691] | 在馆 | |
| 25 | 513801 | 205138019 | 自科二线404/404自科库 8排6列6层/ [索取号:TU723.1/L691] | 在馆 | |
| 26 | 513802 | 205138028 | 自科二线404/404自科库 8排6列6层/ [索取号:TU723.1/L691] | 在馆 | |
| 27 | 513803 | 205138037 | 自科二线404/404自科库 8排6列6层/ [索取号:TU723.1/L691] | 在馆 | |
| 28 | 513804 | 205138046 | 自科二线404/404自科库 8排6列6层/ [索取号:TU723.1/L691] | 在馆 | |
| 29 | 513805 | 205138055 | 自科二线404/404自科库 8排6列6层/ [索取号:TU723.1/L691] | 在馆 |